dBASE 4 : Příručka pro programátory /

Gespeichert in:
Bibliographische Detailangaben
1. Verfasser: Huml, Martin (Verfasst von)
Format: Buch
Sprache:Tschechisch
Veröffentlicht: Praha : TIS-Technické a informační služby
Schlagworte:
Tags: Tag hinzufügen
Keine Tags, Fügen Sie das erste Tag hinzu!

MARC

LEADER 00000nam a22000003a 4500
001 stu37015
005 20150617225726.3
008 920626s--------cs------------------cze-d
040 |a STU  |b slo 
041 0 |a cze 
044 |a cs 
080 |a 519.682(035)  |7 stu_us_auth*stu2961 
100 1 |a Huml, Martin  |4 aut 
245 1 |a dBASE 4 :  |b Příručka pro programátory /  |c [aut.]Martin Huml 
260 |a Praha :  |b TIS-Technické a informační služby 
300 |a 141 s 
650 7 |a Jazyky programovacie:dBASE 4  |2 stusub 
650 7 |a programovanie  |2 stusub 
650 7 |a dBASE 4  |2 stusub 
650 7 |a jazyky programovacie  |2 stusub 
996 |b 284M022397  |c M*7804/1-1  |l MMKN  |s A  |a 24  |w stu37015_0001